000 00504nam a2200169Ia 4500
999 _c2040
_d2040
003 OSt
005 20200814121646.0
008 190216s9999||||xx |||||||||||||| ||und||
040 _coclc
082 _a547.7
_bRAS/C
100 _aRastogi, S C
_94134
245 0 _aChemistry Of Natural Products /
_cS C Rastogi ; S C Agarwala ; A K Sharma
260 _bJai prakash nath&Co,
_c1975.
_aMeerut:
300 _a490p
650 _aChemistry
942 _cBK
_2ddc
_h547.7
_iRAS/C
_k547.7
_mRAS/C